Gramática española: los sonidos, el nombre y el pronombre

Đã lưu trong:
Chi tiết về thư mục
Tác giả chính: Fernández, Salvador
Định dạng: Sách
Ngôn ngữ:Undetermined
Được phát hành: Madrid, España Manuales de la Revista de Occidente 1950
Những chủ đề:
Các nhãn: Thêm thẻ
Không có thẻ, Là người đầu tiên thẻ bản ghi này!

MARC

LEADER 00000nam a2200000Ia 4500
008 170316s9999 xx 000 0 und d
090 |a 415-E F-2g 
100 |a Fernández, Salvador 
245 |a Gramática española: los sonidos, el nombre y el pronombre 
260 |a Madrid, España 
260 |b Manuales de la Revista de Occidente 
260 |c 1950 
300 |a 498 páginas 
650 |a GRAMÁTICA ESPAÑOLA 
999 |c 18952  |d 18952 
040 |a cru BVZT 
942 |c 15 D  |h 415-E F-2g  |2 z